<?xml version="1.0" encoding="UTF-8"?>
<record
    xmlns:xsi="http://www.w3.org/2001/XMLSchema-instance"
    xsi:schemaLocation="http://www.loc.gov/MARC21/slim http://www.loc.gov/standards/marcxml/schema/MARC21slim.xsd"
    xmlns="http://www.loc.gov/MARC21/slim">

  <leader>01579cam a2200313 a 4500</leader>
  <controlfield tag="001">74386</controlfield>
  <controlfield tag="003">BD-RjUL</controlfield>
  <controlfield tag="005">20211209082538.0</controlfield>
  <controlfield tag="008">080628s2008    ii ab    b    100 0 eng  </controlfield>
  <datafield tag="020" ind1=" " ind2=" ">
    <subfield code="a">9788170355571</subfield>
  </datafield>
  <datafield tag="020" ind1=" " ind2=" ">
    <subfield code="a">8170355575</subfield>
  </datafield>
  <datafield tag="035" ind1=" " ind2=" ">
    <subfield code="a">BD-RjUL74604</subfield>
  </datafield>
  <datafield tag="040" ind1=" " ind2=" ">
    <subfield code="a">DLC</subfield>
    <subfield code="c">DLC</subfield>
    <subfield code="b">eng</subfield>
    <subfield code="d">BD-RjUL</subfield>
  </datafield>
  <datafield tag="041" ind1=" " ind2=" ">
    <subfield code="a">eng</subfield>
  </datafield>
  <datafield tag="082" ind1=" " ind2=" ">
    <subfield code="2">23</subfield>
    <subfield code="a">577</subfield>
    <subfield code="b">COA 2008</subfield>
  </datafield>
  <datafield tag="245" ind1="0" ind2="0">
    <subfield code="a">Coastal ecosystems :</subfield>
    <subfield code="b">hazards, management, and rehabilitation /</subfield>
    <subfield code="c">editor, Rattan K. Datta.</subfield>
  </datafield>
  <datafield tag="260" ind1=" " ind2=" ">
    <subfield code="a">Delhi :</subfield>
    <subfield code="b">Centre for Science &amp; Technology of the Non-Aligned and Other Developing Countries (NAM S &amp; T Centre) :</subfield>
    <subfield code="b">Daya Pub. House,</subfield>
    <subfield code="c">2008.</subfield>
  </datafield>
  <datafield tag="300" ind1=" " ind2=" ">
    <subfield code="a">363 p. :</subfield>
    <subfield code="b">ill. (some col.), maps ;</subfield>
    <subfield code="c">24 cm.</subfield>
  </datafield>
  <datafield tag="504" ind1=" " ind2=" ">
    <subfield code="a">Includes bibliographical references.</subfield>
  </datafield>
  <datafield tag="520" ind1=" " ind2=" ">
    <subfield code="a">Transcript of papers presented during an international workshop-cum-training programme organized at Purwokerto, Indonesia during August 2006 by the Centre for Science &amp; Technology of the Non-Aligned and Other Developing Countries in collaboration with the Centre for Tropical Marine Ecology, Bremen, Germany and Jenderal Soedirman University of Indonesia.</subfield>
  </datafield>
  <datafield tag="650" ind1=" " ind2="0">
    <subfield code="a">Coastal ecology</subfield>
    <subfield code="v">Congresses.</subfield>
    <subfield code="9">222256</subfield>
  </datafield>
  <datafield tag="650" ind1=" " ind2="0">
    <subfield code="a">Coastal zone management</subfield>
    <subfield code="v">Congresses.</subfield>
    <subfield code="9">222257</subfield>
  </datafield>
  <datafield tag="650" ind1=" " ind2="0">
    <subfield code="a">Hazard mitigation</subfield>
    <subfield code="v">Congresses.</subfield>
    <subfield code="9">199830</subfield>
  </datafield>
  <datafield tag="700" ind1="1" ind2=" ">
    <subfield code="a">Datta, Rattan K.</subfield>
    <subfield code="9">222258</subfield>
  </datafield>
  <datafield tag="710" ind1="2" ind2=" ">
    <subfield code="a">Centre for Science and Technology of the Non-Aligned and Other Developing Countries.</subfield>
    <subfield code="9">222259</subfield>
  </datafield>
  <datafield tag="710" ind1="2" ind2=" ">
    <subfield code="a">Universitas Jenderal Soedirman.</subfield>
    <subfield code="9">222260</subfield>
  </datafield>
  <datafield tag="710" ind1="2" ind2=" ">
    <subfield code="a">Universit&#xE4;t Bremen.</subfield>
    <subfield code="b">Zentrum f&#xFC;r Marine Tropen&#xF6;kologie.</subfield>
    <subfield code="9">222261</subfield>
  </datafield>
  <datafield tag="942" ind1=" " ind2=" ">
    <subfield code="2">ddc</subfield>
    <subfield code="c">BK</subfield>
  </datafield>
  <datafield tag="999" ind1=" " ind2=" ">
    <subfield code="c">74386</subfield>
    <subfield code="d">74386</subfield>
  </datafield>
  <datafield tag="952" ind1=" " ind2=" ">
    <subfield code="0">0</subfield>
    <subfield code="1">0</subfield>
    <subfield code="2">ddc</subfield>
    <subfield code="4">0</subfield>
    <subfield code="7">1</subfield>
    <subfield code="8">NFIC</subfield>
    <subfield code="a">RUCL</subfield>
    <subfield code="b">RUCL</subfield>
    <subfield code="c">Reading</subfield>
    <subfield code="d">2021-12-09</subfield>
    <subfield code="e">International book Distribution , Dhaka.</subfield>
    <subfield code="g">2600.00</subfield>
    <subfield code="l">0</subfield>
    <subfield code="o">577 COA 2008</subfield>
    <subfield code="r">2018-08-12 00:00:00</subfield>
    <subfield code="t">C-1</subfield>
    <subfield code="w">2018-08-12</subfield>
    <subfield code="y">BK</subfield>
  </datafield>
</record>
